[Event "Suedschwaben-ch Seniors"]
[Site "Immenstadt"]
[Date "2013.02.17"]
[Round "6.2"]
[White "Lehmann, Joerg"]
[Black "Weiss, Hans"]
[Result "1/2-1/2"]
[WhiteElo "1633"]
[BlackElo "1768"]
[PlyCount "39"]
[EventDate "2013.02.15"]
[EventType "swiss"]
[EventRounds "6"]
[EventCountry "GER"]
[SourceTitle "EXT 2022"]
[Source "ChessBase"]
[SourceDate "2021.10.06"]
[SourceVersion "1"]
[SourceVersionDate "2021.10.06"]
[SourceQuality "1"]

1. e4 c5 2. Nf3 d6 3. d4 cxd4 4. Nxd4 Nf6 5. Nc3 a6 6. Be3 e6 7. f3 Be7 8. Qd2 Qc7 9. Bd3 Bd7 10. 0-0 0-0 11. h3 Nc6 12. Nxc6 Bxc6 13. Ne2 d5 14. exd5 Nxd5 15. Bf2 Rad8 16. a3 Bd6 17. Qe1 Nf4 18. Nxf4 Bxf4 19. Rd1 Rd7 20. Qe2 1/2-1/2